[Event "40th Guernsey Open 2014"]
[Site "Vale GCI"]
[Date "2014.10.22"]
[Round "4.23"]
[White "Van Veen, Wout"]
[Black "Havenaar, Jan"]
[Result "1/2-1/2"]
[WhiteElo "1835"]
[BlackElo "2050"]
[WhiteFideId "1022750"]
[BlackFideId "1005081"]
[EventDate "2014.10.19"]
[EventType "swiss"]

1. e4 c5 2. Ne2 g6 3. d4 cxd4 4. Nxd4 Bg7 5. c4 Qb6 6. Be3 Qxb2 7. Nb3 Nc6 8.
Bc5 d6 9. Ba3 Qe5 10. N1d2 f5 11. Rb1 Nf6 12. Bb2 Qe6 13. Be2 fxe4 14. O-O O-O
15. Re1 Qf5 16. f3 exf3 17. Nxf3 Ng4 18. Bd3 Qf7 19. Be4 Bxb2 20. Rxb2 Nce5 21.
c5 Qf6 22. Rd2 dxc5 23. Nxc5 Qb6 24. Qb3+ Qxb3 25. axb3 Nc6 26. Bxc6 bxc6 27.
Rxe7 Nf6 28. Rc7 Bf5 29. Rxc6 Rac8 30. Rdd6 Ne4 31. Nxe4 Bxe4 32. Rxc8 Rxc8 33.
Ra6 Rc3 1/2-1/2

[Event "40th Guernsey Open 2014"]
[Site "Vale GCI"]
[Date "2014.10.22"]
[Round "4.24"]
[White "De Kruif, Kees"]
[Black "Kirkwood, Robin"]
[Result "1-0"]
[WhiteElo "1927"]
[BlackElo "2046"]
[WhiteFideId "1006479"]
[BlackFideId "1800990"]
[EventDate "2014.10.19"]
[EventType "swiss"]

1. c4 d6 2. g3 e5 3. Bg2 Nf6 4. Nc3 c6 5. e4 Be7 6. Nge2 O-O 7. O-O Na6 8. d3
Bd7 9. f4 Qb6+ 10. Kh1 Ng4 11. d4 Rad8 12. h3 exd4 13. Na4 Ne3 14. Bxe3 1-0

[Event "40th Guernsey Open 2014"]
[Site "Vale GCI"]
[Date "2014.10.22"]
[Round "4.25"]
[White "Hawkins, James N H"]
[Black "Hamperl, Fred"]
[Result "1-0"]
[BlackTitle "FM"]
[WhiteElo "1923"]
[BlackElo "2114"]
[WhiteFideId "409928"]
[BlackFideId "10700110"]
[EventDate "2014.10.19"]
[EventType "swiss"]

1. c4 e5 2. Nc3 Nc6 3. e3 d6 4. d4 f5 5. d5 Nb8 6. e4 Nf6 7. Bd3 f4 8. Bd2 Be7
9. Qc2 a5 10. f3 Na6 11. a3 Nc5 12. b3 Bd7 13. Nge2 O-O 14. Nc1 Nh5 15. Be2 Bh4+
16. Kd1 Bf2 17. Nd3 Qh4 18. Nxf2 Qxf2 19. Bf1 a4 20. b4 Nb3 21. Ra2 Qd4 22. Qd3
Qb6 23. Be1 Rac8 24. Bf2 Qa6 25. c5 Qa8 26. Rc2 Nf6 27. Qc4 Kh8 28. Rb2 c6 29.
dxc6 Bxc6 30. b5 Be8 31. Qxa4 Nxc5 32. Qxa8 Rxa8 33. Bxc5 dxc5 34. a4 Bf7 35.
Be2 b6 36. Kc1 Rfd8 37. Rd1 Rd4 38. Rdd2 g5 39. Bd1 c4 40. Rbc2 Nd7 41. Ne2 Nc5
42. Rc3 Nd3+ 43. Kb1 Rdd8 44. Nc1 Ne1 45. Rxd8+ Rxd8 46. Be2 Nxg2 47. Na2 Ne3
48. Kc1 h5 49. Nb4 g4 50. fxg4 hxg4 51. Nc6 Re8 52. a5 Bg6 53. axb6 Bxe4 54.
Rxe3 fxe3 55. b7 Bf3 56. Bxc4 e2 57. Kd2 Kg7 58. b8=Q Rxb8 59. Nxb8 Kf6 60. Bxe2
e4 61. Bxf3 exf3 62. Na6 1-0

[Event "40th Guernsey Open 2014"]
[Site "Vale GCI"]
[Date "2014.10.22"]
[Round "4.26"]
[White "Twitchell, David J"]
[Black "Hickman, John E"]
[Result "1-0"]
[WhiteElo "2009"]
[BlackElo "1893"]
[WhiteFideId "414255"]
[BlackFideId "408565"]
[EventDate "2014.10.19"]
[EventType "swiss"]

1. e4 d6 2. d4 Nf6 3. Nc3 g6 4. Bg5 Bg7 5. Qd2 O-O 6. Bh6 e5 7. Bxg7 Kxg7 8.
O-O-O exd4 9. Qxd4 Nc6 10. Qd2 Re8 11. f3 Be6 12. h4 h5 13. Nge2 Qd7 14. Nf4 a6
15. Ncd5 Bxd5 16. Nxd5 Nxd5 17. exd5 Ne5 18. Be2 Qa4 19. Kb1 a5 20. f4 Ng4 21.
Bxg4 hxg4 22. Qc3+ Kg8 23. h5 Qxf4 24. hxg6 fxg6 25. Qh8+ Kf7 26. Rh7# 1-0

[Event "40th Guernsey Open 2014"]
[Site "Vale GCI"]
[Date "2014.10.22"]
[Round "4.27"]
[White "Fassaert, Desire"]
[Black "De Boer, Albert"]
[Result "1/2-1/2"]
[WhiteElo "1908"]
[BlackElo "2017"]
[WhiteFideId "1008331"]
[BlackFideId "1007530"]
[EventDate "2014.10.19"]
[EventType "swiss"]

1. Nf3 d6 2. g3 e5 3. d3 f5 4. Bg2 Nf6 5. c4 Be7 6. Nc3 O-O 7. O-O a5 8. c5 c6
9. cxd6 Bxd6 10. Rb1 Qe7 11. a3 Kh8 12. Qa4 Be6 13. Qh4 Nbd7 14. Bh3 g6 15. Bh6
Rg8 16. Bg5 Qf7 17. Bxf6+ Qxf6 18. Ng5 Rg7 19. Nxe6 Qxe6 20. Qg5 Be7 21. Qd2 Nb6 1/2-1/2

[Event "40th Guernsey Open 2014"]
[Site "Vale GCI"]
[Date "2014.10.22"]
[Round "4.28"]
[White "Phillips, Owen S"]
[Black "Riedener, Toni"]
[Result "1/2-1/2"]
[WhiteElo "1915"]
[BlackElo "2039"]
[WhiteFideId "417882"]
[BlackFideId "1302698"]
[EventDate "2014.10.19"]
[EventType "swiss"]

1. Nf3 d5 2. b3 Bf5 3. Bb2 e6 4. d3 Nf6 5. Nbd2 Nbd7 6. g3 Bd6 7. Bg2 O-O 8. O-O
c6 9. Re1 Bg4 10. h3 Bh5 11. Nf1 Qc7 12. Qd2 Rad8 13. g4 Bg6 14. Nh4 c5 15. e3
Ne5 16. Nxg6 Nxg6 17. Qe2 Nh4 18. g5 Nxg2 19. Kxg2 Nd7 20. Ng3 Rde8 21. h4 f5
22. Nh5 e5 23. Qf3 e4 24. dxe4 fxe4 25. Qd1 d4 26. exd4 g6 27. dxc5 Qxc5 28.
Nf6+ Nxf6 29. Bxf6 e3 30. Rxe3 Rxe3 31. fxe3 Be5 32. Rb1 Bxf6 33. gxf6 Qc6+ 34.
Kg3 Qxf6 35. Qd5+ Rf7 36. Rd1 Qf2+ 37. Kg4 Qe2+ 38. Kg3 Qxe3+ 39. Kg2 Qf2+ 40.
Kh3 Qe3+ 41. Kg2 Qf2+ 42. Kh3 h5 43. Rd3 Qxc2 44. Rg3 Qc8+ 45. Kg2 Qc2+ 46. Kh3
Qc8+ 47. Kg2 Qc2+ 1/2-1/2

[Event "40th Guernsey Open 2014"]
[Site "Vale GCI"]
[Date "2014.10.22"]
[Round "4.29"]
[White "Karcher, Berthold"]
[Black "Bolt, Graham"]
[Result "0-1"]
[WhiteElo "1861"]
[BlackElo "1981"]
[WhiteFideId "24669687"]
[BlackFideId "410438"]
[EventDate "2014.10.19"]
[EventType "swiss"]

1. Nf3 g6 2. c4 Bg7 3. d4 d6 4. Nc3 Bg4 5. h3 Bxf3 6. gxf3 e6 7. e4 Nd7 8. Be3
c6 9. Qd2 Qc7 10. h4 h5 11. f4 Ne7 12. Bh3 Nb6 13. Qd3 f5 14. f3 a6 15. a4 Nd7
16. a5 O-O 17. e5 c5 18. d5 dxe5 19. d6 Qd8 20. dxe7 Qxe7 21. O-O-O Rfd8 22. Qd6
Qf7 23. Bxc5 Bf8 24. Qd2 Bxc5 25. fxe5 Be7 26. Qe1 Bb4 27. f4 Bxa5 28. Qg3 Kh7
29. Na4 Rac8 30. b3 b5 31. Nb2 Nc5 32. Rxd8 Rxd8 33. cxb5 axb5 34. Bf1 Ne4 35.
Qf3 Qc7+ 36. Nc4 bxc4 37. Bxc4 Bd2+ 38. Kc2 Qa5 39. Rb1 Bc3 40. b4 Rd2+ 0-1

[Event "40th Guernsey Open 2014"]
[Site "Vale GCI"]
[Date "2014.10.22"]
[Round "4.30"]
[White "Reutimann, Hans Peter"]
[Black "Downey, Keith"]
[Result "1-0"]
[WhiteElo "1817"]
[BlackElo "1968"]
[WhiteFideId "1313886"]
[BlackFideId "10700250"]
[EventDate "2014.10.19"]
[EventType "swiss"]

1. d4 Nf6 2. Nf3 e6 3. Bf4 b6 4. e3 Bb7 5. Nbd2 d6 6. c3 h6 7. Qc2 Nbd7 8. Be2
a6 9. e4 Be7 10. e5 Nd5 11. Bg3 b5 12. O-O Rb8 13. Ne4 N7b6 14. Nfd2 O-O 15. Qd3
Qd7 16. f4 dxe5 17. fxe5 Nc4 18. Nxc4 bxc4 19. Qd2 Qa4 20. Bf4 Nxf4 21. Rxf4
Bxe4 22. Rxe4 Bg5 23. Qd1 Qc6 24. Qc2 Rb6 25. Bf3 Qb5 26. Rb1 a5 27. Ree1 Be7
28. Qe4 c5 29. d5 exd5 30. Qxd5 Rd8 31. Qe4 Rd2 32. Re2 Qd7 33. Rxd2 Qxd2 34.
Qe2 Qd3 35. Qf1 Qe3+ 36. Kh1 Qxe5 37. Re1 Qf6 38. Re2 g6 39. Rf2 Qg5 40. h3 Qg3
41. Bd5 Bd6 42. Qg1 Bf4 43. Rf3 Qh4 44. Qf1 Qd8 45. Bxc4 g5 46. b3 Rd6 47. Be2
Rd2 48. g3 Bd6 49. Rxf7 Bxg3 50. Qf5 Qa8+ 51. Kg1 Bh2+ 52. Kf1 Qh1+ 53. Kf2 Bg1+
54. Ke1 Be3+ 55. Bf1 1-0

[Event "40th Guernsey Open 2014"]
[Site "Vale GCI"]
[Date "2014.10.22"]
[Round "4.31"]
[White "von Saldern, Ruediger"]
[Black "Goris-Schouwstra, Adry"]
[Result "1-0"]
[WhiteElo "1966"]
[BlackElo "1885"]
[WhiteFideId "4635175"]
[BlackFideId "1012746"]
[EventDate "2014.10.19"]
[EventType "swiss"]

1. d4 d5 2. c4 e6 3. Nc3 Be7 4. Nf3 Nf6 5. Bg5 h6 6. Bh4 O-O 7. e3 c6 8. Rc1
Nbd7 9. Bd3 dxc4 10. Bxc4 Nd5 11. Bg3 Nxc3 12. bxc3 b5 13. Bd3 Qa5 14. Qe2 b4
15. O-O bxc3 16. Rc2 c5 17. Rfc1 cxd4 18. Nxd4 Ba3 19. Rd1 Bb7 20. Nb5 Bb2 21.
Bc7 Qa4 22. Nxc3 Qc6 23. Ne4 Qa4 24. Rxb2 Bxe4 25. Bxe4 Rac8 26. Rd4 Rxc7 27.
Rxa4 Rc1+ 28. Qf1 Rxf1+ 29. Kxf1 1-0

[Event "40th Guernsey Open 2014"]
[Site "Vale GCI"]
[Date "2014.10.22"]
[Round "4.32"]
[White "Rowe, Peter"]
[Black "Gravett, Alan D"]
[Result "1-0"]
[WhiteTitle "CM"]
[WhiteElo "1962"]
[BlackElo "1871"]
[WhiteFideId "10700099"]
[BlackFideId "406171"]
[EventDate "2014.10.19"]
[EventType "swiss"]

1. d4 Nf6 2. Bf4 b6 3. e3 Bb7 4. Nf3 e6 5. Bd3 Be7 6. h3 d6 7. O-O Ne4 8. Nbd2
f5 9. c3 g5 10. Bxe4 fxe4 11. Nxg5 1-0

[Event "40th Guernsey Open 2014"]
[Site "Vale GCI"]
[Date "2014.10.22"]
[Round "4.33"]
[White "Shaw, Meyrick"]
[Black "Ippel, Cornelius"]
[Result "1-0"]
[WhiteElo "1964"]
[BlackElo "1891"]
[WhiteFideId "430803"]
[BlackFideId "1005146"]
[EventDate "2014.10.19"]
[EventType "swiss"]

1. d4 e6 2. Nf3 d5 3. Bf4 c5 4. e3 Qb6 5. Qc1 Nc6 6. c3 cxd4 7. exd4 Nf6 8. Bd3
h6 9. Nbd2 Bd7 10. O-O Rc8 11. Qb1 Na5 12. b4 Nc4 13. Bxc4 dxc4 14. Ne5 Nd5 15.
Ndxc4 Qd8 16. Bd2 Bb5 17. Qd3 Qc7 18. Nd6+ Bxd6 19. Qxb5+ Kd8 20. Rfd1 a6 21.
Qd3 b5 22. a4 Bxe5 23. dxe5 Qc4 24. Qf3 Ke7 25. axb5 axb5 26. Ra7+ Rc7 27. Rxc7+
Qxc7 28. Qd3 Rd8 29. Be1 Qc6 30. f4 Qc4 31. Qxc4 bxc4 32. Rd4 Rc8 33. Kf2 f6 34.
exf6+ Nxf6 35. Kf3 Nd5 36. f5 Nf6 37. fxe6 Kxe6 38. Bg3 Rc6 39. Rf4 g5 40. Rd4
h5 41. h3 Nd5 42. Re4+ Kf6 43. Be5+ Kg6 44. Bd4 Nf4 45. b5 Rc7 46. b6 Rb7 47.
Bg1 Nd3 48. g3 Rf7+ 49. Ke2 Nb2 50. Re8 g4 51. Rc8 Re7+ 52. Kd2 Kf5 53. Rc7 Re5
54. b7 Rd5+ 55. Kc2 Nd3 56. b8=Q 1-0

[Event "40th Guernsey Open 2014"]
[Site "Vale GCI"]
[Date "2014.10.22"]
[Round "4.34"]
[White "Goetzee, Rick"]
[Black "Morcom, Huw"]
[Result "1/2-1/2"]
[WhiteElo "1898"]
[BlackElo "1956"]
[WhiteFideId "2501813"]
[BlackFideId "1800469"]
[EventDate "2014.10.19"]
[EventType "swiss"]

1. d4 g6 2. c4 Bg7 3. e4 b6 4. Nc3 Bb7 5. Be3 d6 6. Bd3 Nd7 7. Nge2 e6 8. O-O
Ne7 9. Qd2 h6 10. f3 a6 11. Rad1 c6 12. b4 d5 13. cxd5 cxd5 14. e5 Nf5 15. Bxf5
gxf5 16. Nf4 h5 17. Rc1 Bf8 18. Nd3 Be7 19. Rc2 b5 20. Nc5 Bc6 21. Nxd7 Bxd7 22.
Ne2 a5 23. a3 axb4 24. axb4 Ra4 25. Rb1 Qa8 26. Nf4 Bc6 27. Nd3 Kd7 28. Nc5+
Bxc5 29. Rxc5 Ra1 30. Rbc1 Rc8 31. Rxa1 Qxa1+ 32. Qc1 Qa4 33. Bd2 Qa6 1/2-1/2

[Event "40th Guernsey Open 2014"]
[Site "Vale GCI"]
[Date "2014.10.22"]
[Round "4.35"]
[White "Brookfield, Toby"]
[Black "Bakker, Joop"]
[Result "0-1"]
[WhiteTitle "CM"]
[WhiteElo "1879"]
[BlackElo "1951"]
[WhiteFideId "10700234"]
[BlackFideId "1012100"]
[EventDate "2014.10.19"]
[EventType "swiss"]

1. e4 d5 2. exd5 Qxd5 3. Nc3 Qd8 4. d4 Nf6 5. Nf3 Bg4 6. Be2 c6 7. h3 Bxf3 8.
Bxf3 e6 9. O-O Be7 10. Re1 O-O 11. Bf4 Nbd7 12. Bh2 Nb6 13. Ne4 Nc4 14. b3 Nd6
15. Nxf6+ Bxf6 16. Rc1 Bg5 17. Ra1 Nb5 18. Be5 f6 19. a4 Nc3 20. Qd3 fxe5 21.
Qxc3 Qxd4 22. Qxd4 exd4 23. Rxe6 Bd2 24. Re7 Bc3 25. Rf1 Rf7 26. Rxf7 Kxf7 27.
Be4 h6 28. Bd3 Rb8 29. f4 a5 30. g4 b5 31. h4 bxa4 32. bxa4 Rb4 33. g5 Rxa4 34.
Rb1 Ra1 35. Rxa1 Bxa1 36. f5 hxg5 37. hxg5 Bc3 38. Kf2 Bd2 39. Be4 c5 40. Bd5+
Ke7 41. g6 Bg5 42. Ke2 Kd6 43. Be6 Kc6 44. Kd3 Kb5 45. Bf7 Kb4 46. Be6 Bf6 47.
c3+ dxc3 48. Kc2 c4 0-1

[Event "40th Guernsey Open 2014"]
[Site "Vale GCI"]
[Date "2014.10.22"]
[Round "4.37"]
[White "Murray, J Stephen"]
[Black "Cummins, J"]
[Result "1/2-1/2"]
[WhiteElo "1847"]
[BlackElo "1819"]
[WhiteFideId "2401495"]
[BlackFideId "10700196"]
[EventDate "2014.10.19"]
[EventType "swiss"]

1. e4 e5 2. Nf3 Nc6 3. Bc4 Be7 4. d4 exd4 5. Nxd4 Nf6 6. Nxc6 bxc6 7. e5 Ne4 8.
Bxf7+ Kxf7 9. Qf3+ Nf6 10. exf6 Bxf6 11. O-O Re8 12. Nc3 Ba6 13. Rd1 Qe7 14. Bg5
Rad8 15. Bxf6 Qxf6 16. Qxf6+ Kxf6 17. f3 d5 18. Re1 h5 19. h4 Kf5 20. Kf2 1/2-1/2

[Event "40th Guernsey Open 2014"]
[Site "Vale GCI"]
[Date "2014.10.23"]
[Round "5.1"]
[White "Wustefeld, Carl"]
[Black "Hansen, Eric"]
[Result "0-1"]
[BlackTitle "GM"]
[WhiteElo "2256"]
[BlackElo "2574"]
[WhiteFideId "1006347"]
[BlackFideId "2606771"]
[EventDate "2014.10.19"]
[EventType "swiss"]

1. d4 Nf6 2. Nc3 d5 3. Bg5 Nbd7 4. Nf3 h6 5. Bh4 e6 6. e3 c5 7. Bb5 Be7 8. Ne5
cxd4 9. Qxd4 O-O 10. Bxd7 Bxd7 11. O-O Be8 12. Rfd1 Rc8 13. Qxa7 b5 14. Ng4 b4
15. Ne4 Nd7 16. Bxe7 Qxe7 17. Ne5 dxe4 18. Qb7 Rc5 19. Nxd7 Rd5 20. Qxd5 exd5
21. Nxf8 Qc5 22. Ng6 fxg6 23. Rd4 Bb5 24. Rc1 Bc4 25. c3 bxc3 26. Rxc3 Qb4 27.
Rd2 Bxa2 28. h3 Bc4 29. Kh2 Bd3 30. Kg1 Kh7 31. Kh2 g5 32. Kg1 Qa5 33. Kh2 Qa1
34. Kg3 Qf1 35. b4 Be2 36. Rxe2 Qxe2 37. Rc1 Qd2 0-1

[Event "40th Guernsey Open 2014"]
[Site "Vale GCI"]
[Date "2014.10.23"]
[Round "5.2"]
[White "Hillarp Persson, Tiger"]
[Black "Lochte, Thomas"]
[Result "1-0"]
[WhiteTitle "GM"]
[WhiteElo "2555"]
[BlackElo "2071"]
[WhiteFideId "1700812"]
[BlackFideId "4606272"]
[EventDate "2014.10.19"]
[EventType "swiss"]

1. d4 Nf6 2. c4 e5 3. dxe5 Ng4 4. Bf4 Bb4+ 5. Nd2 d6 6. exd6 Qf6 7. Nh3 Nxf2 8.
Kxf2 Bxh3 9. g3 Bc5+ 10. e3 g5 11. Ne4 Qxb2+ 12. Qe2 Qxa1 13. Bxh3 Qxh1 14. Qb2
Qxh2+ 15. Bg2 f6 16. Qxf6 Bxe3+ 17. Kxe3 gxf4+ 18. gxf4 Qg1+ 19. Kd3 Qb1+ 20.
Ke2 Qc2+ 21. Nd2 cxd6 22. Qxh8+ 1-0

[Event "40th Guernsey Open 2014"]
[Site "Vale GCI"]
[Date "2014.10.23"]
[Round "5.3"]
[White "Tjiam, Dharma"]
[Black "Hallerod, Ralph"]
[Result "0-1"]
[WhiteTitle "IM"]
[WhiteElo "2386"]
[BlackElo "2115"]
[WhiteFideId "1001493"]
[BlackFideId "1705644"]
[EventDate "2014.10.19"]
[EventType "swiss"]

1. d4 Nf6 2. c4 g6 3. Nc3 Bg7 4. e4 d6 5. Be2 O-O 6. Bg5 h6 7. Be3 e5 8. d5 a5
9. Qd2 Kh7 10. f3 Ng8 11. O-O-O f5 12. exf5 gxf5 13. Bd3 Na6 14. Nge2 Kh8 15. f4
Qe7 16. Ng3 e4 17. Be2 Nf6 18. Nb5 Kh7 19. Nd4 Ne8 20. Nh5 Bh8 21. h3 Nb4 22.
Kb1 c5 23. dxc6 bxc6 24. g4 Rb8 25. Rhg1 c5 26. Nb5 Be6 27. gxf5 Rxf5 28. Ng3 d5
29. Nxf5 Bxf5 30. cxd5 Nd3 31. Bxd3 exd3 32. Qxa5 Qb7 33. Bxc5 Qxb5 34. Qxb5
Rxb5 35. Ba3 Nd6 36. Ka1 Nc4 37. Rc1 Rxb2 38. Bxb2 Bxb2+ 39. Kb1 d2+ 40. Rc2 Bd4 0-1

[Event "40th Guernsey Open 2014"]
[Site "Vale GCI"]
[Date "2014.10.23"]
[Round "5.4"]
[White "Curtis, John E"]
[Black "Mack, Wolfgang"]
[Result "1/2-1/2"]
[BlackTitle "FM"]
[WhiteElo "2100"]
[BlackElo "2219"]
[WhiteFideId "411892"]
[BlackFideId "4685458"]
[EventDate "2014.10.19"]
[EventType "swiss"]

1. d4 f5 2. Bg5 g6 3. Nd2 Bg7 4. e4 fxe4 5. Nxe4 d5 6. Nc5 b6 7. Nb3 Nh6 8. Nf3
Nf7 9. Bh4 O-O 10. Be2 Qd7 11. Bg3 Nc6 12. Bb5 a6 13. Bxc6 Qxc6 14. O-O Bg4 15.
h3 Bxf3 16. Qxf3 e5 17. c3 a5 18. dxe5 Nxe5 19. Qe2 Rae8 20. Nd4 Qb7 21. Bxe5
Rxe5 22. Qd3 Rfe8 23. Nf3 Re4 24. Rfe1 Qc6 25. Red1 Re2 26. Rd2 Rxd2 27. Qxd2
Qa8 28. Re1 c6 29. Rxe8+ Qxe8 30. Qd3 b5 31. Kf1 Bf6 32. h4 Kg7 33. h5 b4 34.
hxg6 hxg6 35. Nd4 c5 36. Ne2 bxc3 37. bxc3 d4 38. cxd4 cxd4 39. Nf4 Qf7 40. Qe2
Qb7 41. Qc2 Qb5+ 42. Kg1 Qe8 43. Kf1 Bg5 44. Nd3 Qb8 45. Kg1 Kh7 1/2-1/2

[Event "40th Guernsey Open 2014"]
[Site "Vale GCI"]
[Date "2014.10.23"]
[Round "5.5"]
[White "Hewson, Brian Wr"]
[Black "Johnsen, Gunnar"]
[Result "0-1"]
[WhiteElo "2066"]
[BlackElo "2140"]
[WhiteFideId "437484"]
[BlackFideId "1500511"]
[EventDate "2014.10.19"]
[EventType "swiss"]

1. d4 e6 2. g3 f5 3. Bg2 Nf6 4. c4 c6 5. Nc3 d5 6. Nf3 Be7 7. Ne5 Nbd7 8. Nxd7
Qxd7 9. cxd5 exd5 10. Bf4 O-O 11. O-O Qd8 12. Qb3 Qb6 13. Qxb6 axb6 14. Bc7 b5
15. Rfc1 Be6 16. Nb1 Ra4 17. e3 Rfa8 18. Nc3 R4a6 19. b3 Ne4 20. Bxe4 fxe4 21.
a4 Bg4 22. Rab1 b4 23. Nd1 Rc8 24. Be5 Bf3 25. Rc2 g5 26. h3 h5 27. Kf1 Kf7 28.
Nb2 Ke6 29. Rbc1 h4 30. g4 Bd6 31. Bxd6 Kxd6 32. Rd2 b6 33. Rdc2 Ra7 34. Rd2
Rac7 35. Rdc2 c5 36. a5 bxa5 37. Na4 cxd4 38. Rxc7 Rxc7 39. Rxc7 Kxc7 40. exd4
Kc6 41. Nb2 Kb5 42. Na4 Bd1 43. Nc5 Bxb3 44. Nxb3 a4 45. Nd2 a3 46. Ke2 a2 47.
Nb3 Kc4 0-1

[Event "40th Guernsey Open 2014"]
[Site "Vale GCI"]
[Date "2014.10.23"]
[Round "5.6"]
[White "Maloberti, David"]
[Black "Dilleigh, Stephen P"]
[Result "1/2-1/2"]
[WhiteElo "2063"]
[BlackElo "2128"]
[WhiteFideId "620149"]
[BlackFideId "408379"]
[EventDate "2014.10.19"]
[EventType "swiss"]

1. d4 d5 2. Nf3 Nf6 3. Bf4 c5 4. c3 Qb6 5. Qb3 Nc6 6. Qxb6 axb6 7. e3 c4 8. Nbd2
b5 9. a3 b4 10. cxb4 Nxb4 11. Rc1 Nc6 12. Ne5 e6 13. Be2 Bd7 14. Nxc6 Bxc6 15.
e4 b5 16. e5 Nd7 17. O-O Nb6 18. Nf3 Be7 19. Bd2 O-O 20. Ne1 Rfc8 21. Nc2 Na4
22. Rb1 Be8 23. Bb4 Bxb4 24. Nxb4 f6 25. Bg4 Bf7 26. f4 h5 27. Bh3 g5 28. g4
fxe5 29. dxe5 gxf4 30. gxh5 Nc5 31. Rxf4 Bxh5 32. Kh1 Rc7 33. Bg2 Rf8 34. Rbf1
Rcf7 35. Nxd5 Rxf4 36. Nxf4 Bg4 37. Kg1 Na4 38. Rf2 c3 39. bxc3 Nxc3 40. Nd3 Rd8
41. Bf1 Bf5 42. Nf4 Ra8 43. Rb2 Rxa3 44. Bxb5 Ra5 45. Bd3 1/2-1/2

[Event "40th Guernsey Open 2014"]
[Site "Vale GCI"]
[Date "2014.10.23"]
[Round "5.7"]
[White "Hess, Christian1"]
[Black "Wager, John D"]
[Result "1/2-1/2"]
[WhiteTitle "FM"]
[WhiteElo "2185"]
[BlackElo "2088"]
[WhiteFideId "4605969"]
[BlackFideId "420204"]
[EventDate "2014.10.19"]
[EventType "swiss"]

1. Nf3 f5 2. d3 d6 3. e4 e5 4. Nc3 Nf6 5. d4 exd4 6. Nxd4 fxe4 7. Bc4 c6 8. Bg5
Be7 9. Bxf6 Bxf6 10. Nxe4 d5 11. Nxf6+ Qxf6 12. Bd3 O-O 13. O-O Nd7 14. c3 Ne5
15. Qc2 Nxd3 16. Qxd3 Bf5 17. Nxf5 Qxf5 18. Qxf5 Rxf5 19. Rfe1 Kf7 20. f3 1/2-1/2

[Event "40th Guernsey Open 2014"]
[Site "Vale GCI"]
[Date "2014.10.23"]
[Round "5.8"]
[White "Taylor, Mark V"]
[Black "Hambleton, Aman"]
[Result "0-1"]
[BlackTitle "IM"]
[WhiteElo "2061"]
[BlackElo "2456"]
[WhiteFideId "409243"]
[BlackFideId "2606577"]
[EventDate "2014.10.19"]
[EventType "swiss"]

1. d4 Nf6 2. c4 c5 3. d5 b5 4. a4 Qa5+ 5. Bd2 b4 6. Nf3 g6 7. b3 Bg7 8. Ra2 d6
9. Bc1 O-O 10. Nbd2 Nbd7 11. e4 e5 12. g3 Nh5 13. Bg2 Ndf6 14. O-O Bd7 15. Ne1
Rae8 16. Nd3 Qd8 17. Re1 Qc8 18. Nf1 Kh8 19. f3 Ng8 20. g4 Nhf6 21. Ng3 h5 22.
g5 Nh7 23. h4 f6 24. f4 Bg4 25. Qd2 fxg5 26. fxg5 Bf3 27. Nf2 Rf4 28. Bxf3 Rxf3
29. Kg2 Ref8 30. Qd1 R3f4 31. Rh1 Ne7 32. Nxh5 gxh5 33. Qxh5 Kg8 34. Bxf4 Rxf4
35. Rh3 Nf8 36. Rg3 Nfg6 37. Rg4 Qf8 38. Nh3 Qf7 39. Rxf4 Qxf4 40. Nxf4 Nxf4+
41. Kf3 Nxh5 42. Kg4 Nf4 43. h5 a5 44. Rd2 Bf8 45. Rh2 Nd3 46. Rc2 Kf7 47. Rd2
Nf4 48. Rh2 Kg7 49. Rd2 Ng8 50. Rh2 Be7 51. Rd2 Bd8 52. Rh2 Ne7 53. Rd2 Nc8 54.
Rh2 Nb6 55. Rc2 Be7 56. Rd2 Kg8 57. Rc2 Nd7 58. Rd2 Nf8 59. Rh2 Nh7 0-1

[Event "40th Guernsey Open 2014"]
[Site "Vale GCI"]
[Date "2014.10.23"]
[Round "5.9"]
[White "Goris, Ton"]
[Black "De Haan, Eric"]
[Result "0-1"]
[BlackTitle "FM"]
[WhiteElo "2039"]
[BlackElo "2282"]
[WhiteFideId "1003526"]
[BlackFideId "1005006"]
[EventDate "2014.10.19"]
[EventType "swiss"]

1. e4 c5 2. Nf3 e6 3. c3 Nf6 4. e5 Nd5 5. d4 cxd4 6. cxd4 d6 7. Bc4 Nc6 8. O-O
Be7 9. Nc3 Nxc3 10. bxc3 dxe5 11. dxe5 Qxd1 12. Rxd1 Bd7 13. Be3 Rc8 14. Be2 Rc7
15. Rd2 O-O 16. a4 b6 17. Bb5 Rfc8 18. Rad1 Be8 19. Ba6 Rb8 20. Bb5 Kf8 21. Nd4
Na5 22. Bxe8 Kxe8 23. Nb5 Rcb7 24. Bf4 a6 25. Nd6+ Bxd6 26. Rxd6 h6 27. h4 Rc8
28. g4 Rc4 29. R1d4 Rxd4 30. cxd4 Nc4 31. Rc6 Nb2 32. a5 bxa5 33. Rxa6 a4 34.
Bc1 Nd3 35. Ba3 Rb1+ 36. Kg2 Ne1+ 37. Kh2 Nf3+ 38. Kg3 Rb3 39. Rxa4 Nxe5+ 40.
Kg2 Nxg4 41. Bc5 Rb7 42. d5 Nf6 43. dxe6 fxe6 44. Ra8+ Kf7 45. Ra7 Rxa7 46. Bxa7
Kg6 47. Kg3 Kf5 48. Kf3 e5 49. Bc5 e4+ 50. Kg3 Nh5+ 51. Kh3 Kf4 52. Kg2 Kg4 53.
Be7 Nf4+ 0-1

[Event "40th Guernsey Open 2014"]
[Site "Vale GCI"]
[Date "2014.10.23"]
[Round "5.10"]
[White "Kraft, Karl-Heinz"]
[Black "Gieben, Stijn"]
[Result "0-1"]
[WhiteElo "2004"]
[BlackElo "2157"]
[WhiteFideId "12924121"]
[BlackFideId "1034170"]
[EventDate "2014.10.19"]
[EventType "swiss"]

1. e4 c5 2. c3 Nf6 3. e5 Nd5 4. Nf3 Nc6 5. Na3 a6 6. Qb3 e6 7. Bc4 Na5 8. Qc2
Nxc4 9. Nxc4 b5 10. Ne3 Bb7 11. Nxd5 Bxd5 12. d3 d6 13. Bf4 dxe5 14. Bxe5 Bxf3
15. gxf3 Qd5 16. Qe2 f6 17. Bg3 Kf7 18. a4 Be7 19. O-O h5 20. Bf4 g5 21. Be3 f5
22. axb5 axb5 23. Rxa8 Rxa8 24. f4 g4 25. c4 bxc4 26. dxc4 Qe4 27. f3 gxf3 28.
Rxf3 Bh4 29. Qd1 Rg8+ 30. Kh1 Qxc4 31. Bf2 Rd8 32. Rd3 Qe4+ 0-1

[Event "40th Guernsey Open 2014"]
[Site "Vale GCI"]
[Date "2014.10.23"]
[Round "5.11"]
[White "Jackson, Oliver A"]
[Black "Thurlow, Kevin J"]
[Result "1-0"]
[WhiteTitle "FM"]
[BlackTitle "CM"]
[WhiteElo "2142"]
[BlackElo "2005"]
[WhiteFideId "403156"]
[BlackFideId "406104"]
[EventDate "2014.10.19"]
[EventType "swiss"]

1. e4 c5 2. Nc3 e6 3. f4 d5 4. Nf3 dxe4 5. Nxe4 Nc6 6. Bc4 Nf6 7. Qe2 Be7 8. c3
O-O 9. O-O Qc7 10. d3 a6 11. a4 Bd7 12. Nfg5 h6 13. Nxf6+ Bxf6 14. Ne4 Be7 15.
f5 exf5 16. Bf4 Qd8 17. Nd6 Bxd6 18. Bxd6 Re8 19. Qh5 Qf6 20. Bxc5 Be6 21. Bxe6
fxe6 22. d4 Kh7 23. Rae1 g6 24. Qf3 Qd8 25. Re3 Qd5 26. Rfe1 Qxf3 27. gxf3 Nd8
28. Bb6 Kg7 29. Bxd8 Raxd8 30. Rxe6 Rxe6 31. Rxe6 Kf7 32. Rb6 Rd7 33. h4 h5 34.
Kf2 f4 35. Ke2 Re7+ 36. Kd2 Re3 37. Rxb7+ Kf6 38. Rb6+ Kf5 39. d5 Rxf3 40. d6
Ke6 41. c4 Kd7 42. c5 Rf2+ 43. Ke1 Rc2 44. Rb7+ Kd8 45. b4 a5 46. bxa5 Rxc5 47.
a6 Kc8 48. d7+ 1-0